000 00634cam a2200241ua 4500
001 11026
005 20260515114709.0
008 190801n ii |||gr||||Z||||||asm
020 _a9788191098341
040 _cMAIN
041 _aasm
082 _a370.12
100 _aBeda Kumar Chaliha,
_eAuthor.,
245 _aShikshar darshanik vitti
_cBy Beda Kumar Chaliha
250 _a8th rev. ed.
260 _aJorhat:
_bBidya bhawan,
_c2019.
300 _a285p.
653 _aEducation
653 _aPhilosophical foundations of education
700 _aTarun Saikia,
_eAuthor.
700 _aRunu Bora Saikia,
_eAuthor.
942 _cBK
999 _c9922
_d9922